| 000 | 01712cam a2200145 4500500 | ||
|---|---|---|---|
| 005 | 20260405085551.0 | ||
| 041 | _afre | ||
| 042 | _adc | ||
| 100 | 1 | 0 |
_aDouillet, Anne-Cécile _eauthor |
| 700 | 1 | 0 |
_aLefebvre, Rémi _eauthor |
| 245 | 0 | 0 | _aSociologie politique du pouvoir local |
| 260 |
_bArmand Colin,
_c2017. |
||
| 520 | _aL’organisation territoriale est une question politique majeure, comme l’a illustré la récente réforme des régions en France et les vifs débats qu’elle a suscités. C’est en effet à l’échelle locale que le pouvoir politique semble le plus incarné, à travers les élus locaux et les administrations déconcentrées de l’État. Les réformes décentralisatrices ont également rendu les Pouvoirs locaux plus visibles.En s’intéressant aux relations de pouvoir et à la façon dont se déploie l’action publique au niveau infranational, cet ouvrage propose une analyse complète du pouvoir politique local. L’étude des collectivités territoriales, des élus qui sont à leur tête comme de leurs administrations, est en effet articulée à celle des groupes d’intérêts, des experts qui agissent auprès d’elles ou encore des mobilisations sociales locales. C’est ainsi à la fois la place des Pouvoirs locaux dans le système politique national et l’exercice localisé du pouvoir politique qui sont interrogés.À travers cette étude du pouvoir à l’échelle locale, c’est toute une réflexion sur les modalités d’exercice du pouvoir politique dans les démocraties représentatives qui est ici proposée. | ||
| 856 | 4 | 1 | _uhttps://shs.cairn.info/sociologie-politique-du-pouvoir-local--9782200603793?lang=fr&redirect-ssocas=7080 |
| 999 |
_c2198596 _d2198596 |
||